header

Fiesers' reagents for organic synthesis (Record no. 61369)

MARC details
000 -LEADER
fixed length control field 01172nam a2200301 a 4500
082 04 - DEWEY DECIMAL CLASSIFICATION NUMBER
Classification number 547.2
100 1# - MAIN ENTRY--AUTHOR NAME
Personal name Ho, Tse-Lok.
245 10 - TITLE STATEMENT
Title Fiesers' reagents for organic synthesis
260 ## - PUBLICATION, DISTRIBUTION, ETC. (IMPRINT)
Place of publication Hoboken, N.J. :
Name of publisher Wiley,
Year of publication 2013.
300 ## - PHYSICAL DESCRIPTION
Number of Pages xv, 646 p. :
Other physical details ill.
490 0# - SERIES STATEMENT
Series statement Fiesers' reagents for organic synthesis,
650 #0 - SUBJECT ADDED ENTRY--TOPICAL TERM
Topical Term Organic compounds
856 40 - ELECTRONIC LOCATION AND ACCESS
Uniform Resource Identifier http://site.ebrary.com/lib/rucke/Doc?id=10667433

No items available.

© 2026 Rongo University
Contact us: librarian | system librarian | Rongo university